01287nam a2200361 i 450000100060000000300080000600500170001400600190003100700150005000800410006502000280010602000180013403500220015204000310017405000250020508000100023008200150024010000420025524500710029726400950036830000250046333600310048833700330051933800430055249000210059550400530061658800830066965000290075265000320078165500270081383000220084085600630086272227FINmELB20241217143351.0m o d | cr cnu||||||||210615s2019 ck ob 001 0 spa d a9789587891201q(e-book) z9789587891300 a(OCoLC)1257035099 aFINmELBbspaerdacFINmELB 4aHA29.5.S8bD539 2019 a519.204a300.722231 aDíaz Rodríguez, Martín,eautor.10aEstadística inferencial aplicada /cMartín Díaz Rodríguez. 1aÁrea metropolitana de Barranquilla (Colombia) :bUniversidad del Norte Editorial,c2019. a1 recurso en línea atextobtxt2rdacontent/spa acomputadorabc2rdamedia/spa arecurso en líneabcr2rdacarrier/spa1 aTextos guía UN aIncluye referencias bibliográficas e índice. aDescripción basada en metadatos suministrados por el editor y otras fuentes. 0aMathematical statistics. 4aEstadística matemática. 4aLibros electrónicos. 0aTextos guía UN.40uhttps://elibro.net/ereader/politecnicointernacional/122378